| 000 | 00520nam a22001817a 4500 | ||
|---|---|---|---|
| 999 |
_c64147 _d64147 |
||
| 005 | 20240530110717.0 | ||
| 008 | 180303s xxu||||| |||| 000 0 eng d | ||
| 020 | _a9781496333933 | ||
| 040 | _aEG-CaGPL | ||
| 082 | 0 | 4 |
_221 _a616.994\ _bD C |
| 100 | 1 | _aDeVita, Jr.,Vincent T. | |
| 245 | 0 | 0 |
_aCancer of the skin / _c [edited by] Vincent T. DeVita, Jr., Theodore S. Lawrence, Steven A. Rosenberg |
| 260 | _aPhiladelphia : | ||
| 300 |
_a546 pages ; _c 28 cm. |
||
| 650 | 0 | _aCancer | |
| 650 | 0 | _askin | |
| 942 |
_2ddc _cBK |
||